000 00283nam a22001217a 4500
020 _a9781439888421
082 _a631.43
_bSHU/SO
100 _aShukla,Manoj K.
_91209
245 _aSoil Physics: An Introduction
260 _aBoca Raton
_bCRC Press
_c2014
300 _a458
942 _cBK
999 _c14687
_d14687